Southville International School and Colleges
Your cart is empty.
  • Cart
  • Lists
    Public lists Eva Luna New books Lux_list list_1
    Your lists Log in to create your own lists
  • Log in to your account
  • Your cookies
  • Search history
Southville International School and Colleges
  • Advanced search
  • Recent comments
  • Most popular
  • Libraries

Log in to your account

Log in with GOOGLE


If you do not have an external account, but do have a local account, you can still log in:

  1. Home
  2. MARC view: Captain Underpants and the preposterous plight of the purple potty people /
Normal view MARC view ISBD view

Captain Underpants and the preposterous plight of the purple potty people / (Record no. 34509)

[ view plain ]
MARC details
000 -LEADER
fixed length control field 01091cam a22003255a 4500
001 - CONTROL NUMBER
control field 14298378
003 - CONTROL NUMBER IDENTIFIER
control field OSt
005 - DATE AND TIME OF LATEST TRANSACTION
control field 20140310184445.0
008 - FIXED-LENGTH DATA ELEMENTS--GENERAL INFORMATION
fixed length control field 060314s2006 nyu 000 0 eng
010 ## - LIBRARY OF CONGRESS CONTROL NUMBER
LC control number 2006923848
020 ## - INTERNATIONAL STANDARD BOOK NUMBER
International Standard Book Number 0439376130
020 ## - INTERNATIONAL STANDARD BOOK NUMBER
International Standard Book Number 0439376149 (alk. paper)
040 ## - CATALOGING SOURCE
Original cataloging agency DLC
Transcribing agency DLC
Modifying agency DLC
042 ## - AUTHENTICATION CODE
Authentication code pcc
050 ## - LIBRARY OF CONGRESS CALL NUMBER
Classification number PZ 7
Item number .P6314Pre 2006
100 1# - MAIN ENTRY--PERSONAL NAME
Personal name Pilkey, Dav,
Dates associated with a name 1966-
9 (RLIN) 27702
245 10 - TITLE STATEMENT
Title Captain Underpants and the preposterous plight of the purple potty people /
Statement of responsibility, etc Dav Pilkey.
260 ## - PUBLICATION, DISTRIBUTION, ETC. (IMPRINT)
Place of publication, distribution, etc New York :
Name of publisher, distributor, etc Scholastic,
Date of publication, distribution, etc 2006.
263 ## - PROJECTED PUBLICATION DATE
Projected publication date 0609
300 ## - PHYSICAL DESCRIPTION
Extent 172 cm.
Other physical details ill. ;
521 ## - TARGET AUDIENCE NOTE
Target audience note
526 ## - STUDY PROGRAM INFORMATION NOTE
Reading level 850
650 ## - SUBJECT ADDED ENTRY--TOPICAL TERM
Topical term or geographic name as entry element Fiction
General subdivision Juvenile literature
9 (RLIN) 30103
856 42 - ELECTRONIC LOCATION AND ACCESS
Materials specified Publisher description
Uniform Resource Identifier <a href="http://www.loc.gov/catdir/enhancements/fy1116/2006923848-d.html">http://www.loc.gov/catdir/enhancements/fy1116/2006923848-d.html</a>
856 42 - ELECTRONIC LOCATION AND ACCESS
Materials specified Contributor biographical information
Uniform Resource Identifier <a href="http://www.loc.gov/catdir/enhancements/fy1207/2006923848-b.html">http://www.loc.gov/catdir/enhancements/fy1207/2006923848-b.html</a>
906 ## - LOCAL DATA ELEMENT F, LDF (RLIN)
a 0
b ibc
c orignew
d 2
e epcn
f 20
g y-gencatlg
942 ## - ADDED ENTRY ELEMENTS (KOHA)
Source of classification or shelving scheme Library of Congress Classification
Koha item type
Holdings
Withdrawn status Lost status Source of classification or shelving scheme Damaged status Home library Current library Shelving location Date acquired Source of acquisition Total Checkouts Full call number Barcode Date last seen Copy number Price effective from Koha item type
    Library of Congress Classification   Luxembourg Library Luxembourg Library Scholastic Reading Center Section 10/10/2013 Donation   PZ 7 .P6314Pre 2006 LEX2681 04/18/2017 1 10/10/2013 Books

Captain Underpants and the preposterous plight of the purple potty people /

APA

Pilkey D., . (2006). Captain Underpants and the preposterous plight of the purple potty people. New York: Scholastic.

Chicago

Pilkey Dav, . 2006. Captain Underpants and the preposterous plight of the purple potty people. New York: Scholastic.

Harvard

Pilkey D., . (2006). Captain Underpants and the preposterous plight of the purple potty people. New York: Scholastic.

MLA

Pilkey Dav, . Captain Underpants and the preposterous plight of the purple potty people. New York: Scholastic. 2006.

  • Place hold
  • Print
  • Cite
  • Add to your cart (remove)
  • Save record
    BIBTEX Dublin Core MARCXML MARC (non-Unicode/MARC-8) MARC (Unicode/UTF-8) MARC (Unicode/UTF-8, Standard) MODS (XML) RIS
  • More searches
    Search for this title in:
    Other Libraries (WorldCat) Other Databases (Google Scholar) Online Stores (Bookfinder.com) Open Library (openlibrary.org)

Exporting to Dublin Core...

SOUTHVILLE LIBRARY

Southville International School and Colleges Library

1281 Tropical Ave. Cor. Luxembourg St., BF Homes International, Las Pinas City

Tel. No. 8256374 / 252358 Loc. 117/146

Powered by Koha